Sports injuries: (Record no. 114879)
[ view plain ]
| 000 -LEADER | |
|---|---|
| fixed length control field | 00507nam a2200169 a 4500 |
| 005 - DATE AND TIME OF LATEST TRANSACTION | |
| control field | 20140414132115.0 |
| 008 - FIXED-LENGTH DATA ELEMENTS--GENERAL INFORMATION | |
| fixed length control field | 121029s19uu xx 00 eng d |
| 020 ## - INTERNATIONAL STANDARD BOOK NUMBER | |
| International Standard Book Number | 1590846419 |
| 050 ## - LIBRARY OF CONGRESS CALL NUMBER | |
| Classification number | REF 371.8 |
| Item number | Mc169 2004 |
| 100 ## - MAIN ENTRY--PERSONAL NAME | |
| Personal name | McNab, Chris |
| 245 ## - TITLE STATEMENT | |
| Title | Sports injuries: |
| Remainder of title | how to prevent, diagnose, & treat: weight training. |
| 260 ## - PUBLICATION, DISTRIBUTION, ETC. (IMPRINT) | |
| Place of publication, distribution, etc | London : |
| Name of publisher, distributor, etc | Amber Books Ltd, |
| Date of publication, distribution, etc | 2004. |
| 300 ## - PHYSICAL DESCRIPTION | |
| Extent | 64 |
| 650 ## - SUBJECT ADDED ENTRY--TOPICAL TERM | |
| Topical term or geographic name as entry element | Sports injuries- |
| General subdivision | treatment-diagnose |
| 650 ## - SUBJECT ADDED ENTRY--TOPICAL TERM | |
| Topical term or geographic name as entry element | Weight- |
| General subdivision | training- |
| -- | basics. |
| Withdrawn status | Lost status | Damaged status | Home library | Current library | Shelving location | Date acquired | Source of acquisition | Total Checkouts | Full call number | Barcode | Date last seen | Price effective from | Koha item type |
|---|---|---|---|---|---|---|---|---|---|---|---|---|---|
| Munich Library | Munich Library | Reference Section | 10/29/2012 | REF 371.8 Mc169 2004 | M6798 | 04/14/2014 | 04/14/2014 | Books |